|
|
|
|
| LEADER |
01722nam a2200505 4500 |
| 001 |
ocn782105477 |
| 003 |
OCoLC |
| 005 |
20170124070326.1 |
| 006 |
m o d |
| 007 |
cr |n||||||||| |
| 008 |
111128s2012 enk fo 000 0 eng d |
| 040 |
|
|
|a CDX
|b eng
|e pn
|c CDX
|d OCLCQ
|d DG1
|d OCLCQ
|d OCLCF
|d OCLCQ
|d DG1
|d GrThAP
|
| 020 |
|
|
|a 9781118257227
|q (electronic bk.)
|
| 020 |
|
|
|a 1118257227
|q (electronic bk.)
|
| 020 |
|
|
|z 9781405190688
|q (Cloth)
|
| 020 |
|
|
|z 140519068X
|q (Cloth)
|
| 024 |
8 |
|
|a 9786613453976
|
| 029 |
1 |
|
|a AU@
|b 000049117691
|
| 029 |
1 |
|
|a NLGGC
|b 389622397
|
| 029 |
1 |
|
|a NZ1
|b 15900772
|
| 035 |
|
|
|a (OCoLC)782105477
|
| 037 |
|
|
|a 345397
|b MIL
|
| 050 |
|
4 |
|a P40
|b .H3423 2012eb
|
| 072 |
|
7 |
|a LAN
|2 eflch
|
| 082 |
0 |
4 |
|a 306.4409
|2 23
|
| 049 |
|
|
|a MAIN
|
| 245 |
0 |
4 |
|a The handbook of historical sociolinguistics /
|c edited by Juan Manuel Hernandez-Campoy and Juan Camilo Conde-Silvestre.
|
| 264 |
|
1 |
|a Oxford :
|b John Wiley & Sons,
|c 2012.
|
| 300 |
|
|
|a 1 online resource (696 pages).
|
| 336 |
|
|
|a text
|b txt
|2 rdacontent
|
| 337 |
|
|
|a computer
|b c
|2 rdamedia
|
| 338 |
|
|
|a online resource
|b cr
|2 rdacarrier
|
| 490 |
1 |
|
|a Blackwell handbooks in linguistics
|
| 588 |
0 |
|
|a Print version record.
|
| 650 |
|
0 |
|a Sociolinguistics
|x History.
|
| 650 |
|
7 |
|a Languages.
|2 eflch
|
| 650 |
|
7 |
|a Sociolinguistics.
|2 fast
|0 (OCoLC)fst01123847
|
| 655 |
|
4 |
|a Electronic books.
|
| 655 |
|
7 |
|a History.
|2 fast
|0 (OCoLC)fst01411628
|
| 700 |
1 |
|
|a Hernández Campoy, Juan Manuel.
|
| 700 |
1 |
|
|a Conde Silvestre, Juan Camilo.
|
| 776 |
0 |
8 |
|i Print version:
|z 9786613453976
|
| 830 |
|
0 |
|a Blackwell handbooks in linguistics.
|
| 856 |
4 |
0 |
|u https://doi.org/10.1002/9781118257227
|z Full Text via HEAL-Link
|
| 994 |
|
|
|a 92
|b DG1
|